[Event "Napoli Vomero Spring 7th"]
[Site "Napoli"]
[Date "2010.04.22"]
[Round "6"]
[White "Guardascione, Federico G"]
[Black "Romanelli, Andrea"]
[Result "0-1"]
[WhiteElo "1536"]
[BlackElo "1500"]
[PlyCount "68"]
[EventDate "2010.03.18"]
[EventType "swiss"]
[EventRounds "6"]
[EventCountry "ITA"]
[SourceTitle "EXT 2024"]
[Source "ChessBase"]
[SourceDate "2023.10.10"]
[SourceVersion "1"]
[SourceVersionDate "2023.10.10"]
[SourceQuality "1"]

1. e4 c6 2. d4 d5 3. f3 dxe4 4. fxe4 e5 5. Nf3 exd4 6. Bc4 Be7 7. 0-0 Be6 8. Bxe6 fxe6 9. Qxd4 Qxd4+ 10. Nxd4 Bc5 11. Be3 e5 12. Nf5 Bxe3+ 13. Nxe3 Nf6 14. Nc3 0-0 15. Rad1 b5 16. a3 a5 17. Nf5 Ra7 18. Ng3 Nbd7 19. Rd6 Rc7 20. Nf5 Re8 21. Re1 Nc5 22. Ng3 b4 23. axb4 axb4 24. Na2 b3 25. cxb3 Nxb3 26. Re3 Nd4 27. h3 Ra8 28. Nb4 Ne8 29. Nd5 Nxd6 30. Nxc7 Ra7 31. Nf5 N6xf5 32. exf5 Rxc7 33. Rxe5 Rb7 34. g4 Nf3+ 0-1

[Event "Napoli Vomero Spring 7th"]
[Site "Napoli"]
[Date "2010.04.15"]
[Round "5"]
[White "De Meo, Guido"]
[Black "Guardascione, Federico G"]
[Result "0-1"]
[WhiteElo "1853"]
[BlackElo "1536"]
[PlyCount "114"]
[EventDate "2010.03.18"]
[EventType "swiss"]
[EventRounds "6"]
[EventCountry "ITA"]
[SourceTitle "EXT 2024"]
[Source "ChessBase"]
[SourceDate "2023.10.10"]
[SourceVersion "1"]
[SourceVersionDate "2023.10.10"]
[SourceQuality "1"]

1. d4 Nf6 2. c4 d6 3. Nf3 Nbd7 4. Bf4 e6 5. Nc3 Be7 6. g3 h6 7. Bg2 Nh5 8. Bd2 Nhf6 9. 0-0 e5 10. Qc2 c6 11. Rfd1 Qc7 12. Rac1 0-0 13. Be1 b6 14. dxe5 dxe5 15. Nh4 Re8 16. Nf5 Bb7 17. Nxe7+ Rxe7 18. Rd2 a5 19. Rcd1 Nc5 20. e4 Ne6 21. Ne2 Nd7 22. a3 a4 23. Rd6 Ndc5 24. Bb4 Nb3 25. Bc3 f6 26. Bh3 Bc8 27. f4 Ned4 28. Nxd4 exd4 29. Bxc8 Rxc8 30. R6xd4 Nxd4 31. Bxd4 Rd8 32. Bc3 Rxd1+ 33. Qxd1 b5 34. Qe2 Rd7 35. cxb5 Qb6+ 36. Kg2 cxb5 37. Qg4 Qb7 38. Kh3 Rf7 39. Qe6 Qd7 40. Qxd7 Rxd7 41. e5 fxe5 42. Bxe5 Kf7 43. Bc3 Kg6 44. Kg2 Kf5 45. Kf3 h5 46. Ke3 Kg4 47. Kf2 Kh3 48. Kg1 g6 49. Be1 Rd1 50. Kf2 Kxh2 51. Bc3 Rd3 52. Be5 Kh3 53. Ke2 Rxg3 54. Kf2 Rb3 55. Bc3 Kg4 56. Be5 Rf3+ 57. Kg2 Rxf4 0-1

[Event "Napoli Vomero Winter 5th"]
[Site "Napoli"]
[Date "2010.01.21"]
[Round "2"]
[White "Guardascione, Federico G"]
[Black "Irtuso, Emanuele"]
[Result "1/2-1/2"]
[WhiteElo "1536"]
[BlackElo "1744"]
[PlyCount "87"]
[EventDate "2010.01.14"]
[EventType "swiss"]
[EventRounds "7"]
[EventCountry "ITA"]
[SourceTitle "EXT 2024"]
[Source "ChessBase"]
[SourceDate "2023.10.10"]
[SourceVersion "1"]
[SourceVersionDate "2023.10.10"]
[SourceQuality "1"]

1. e4 d6 2. Nf3 Nf6 3. d3 g6 4. Nbd2 c5 5. Be2 Bg7 6. c3 Nc6 7. 0-0 0-0 8. Re1 a6 9. Qc2 b5 10. b3 Bb7 11. Bb2 Rc8 12. Rad1 Qb6 13. h3 Rfe8 14. Nf1 b4 15. c4 Nd4 16. Nxd4 cxd4 17. Nh2 e5 18. Rf1 Rf8 19. Kh1 Qd8 20. Qd2 a5 21. f4 Bh6 22. Ng4 Nxg4 23. Bxg4 f5 24. exf5 gxf5 25. Bf3 Bxf4 26. Qe2 Bxf3 27. Qxf3 Rc5 28. Bxd4 exd4 29. Qxf4 Qf6 30. Rde1 Re5 31. Qf3 Rfe8 32. Rxe5 Rxe5 33. Qa8+ Kg7 34. Qa7+ Kg6 35. Qxd4 Re2 36. Qf4 Rxa2 37. g4 Ra1 38. gxf5+ Kf7 39. Qf3 Rxf1+ 40. Qxf1 Qb2 41. Qd1 Kf6 42. Kg1 Qd4+ 43. Kg2 Qb2+ 44. Kg1 1/2-1/2

[Event "Napoli Vomero Natale op 5th"]
[Site "Napoli"]
[Date "2009.11.26"]
[Round "4"]
[White "Guardascione, Federico G"]
[Black "Esposito, Rosario"]
[Result "0-1"]
[WhiteElo "1470"]
[BlackElo "1858"]
[PlyCount "106"]
[EventDate "2009.11.05"]
[EventType "swiss"]
[EventRounds "7"]
[EventCountry "ITA"]
[SourceTitle "EXT 2012"]
[Source "ChessBase"]
[SourceDate "2011.11.24"]
[SourceVersion "1"]
[SourceVersionDate "2011.11.24"]
[SourceQuality "1"]

1. e4 c5 2. Nf3 e6 3. d3 Nc6 4. Nbd2 g6 5. Be2 Bg7 6. c3 Nge7 7. Qc2 d6 8. 0-0 0-0 9. b3 Bd7 10. Bb2 b5 11. Rad1 e5 12. d4 cxd4 13. Bxb5 Nb4 14. cxb4 Bxb5 15. Rfe1 Rc8 16. Qb1 a5 17. a4 Ba6 18. b5 Bb7 19. Nc4 f6 20. Ba3 d5 21. Nd6 Rc7 22. Nxb7 Rxb7 23. Bxe7 Qxe7 24. exd5 Qd6 25. Nd2 Qxd5 26. b4 axb4 27. Qxb4 Rc8 28. Rc1 Rbc7 29. Rxc7 Rxc7 30. a5 Bf8 31. Qa4 Rc3 32. Ne4 Qxe4 33. Qa2+ Kg7 34. Qd2 Qd5 35. Rb1 Rb3 36. Qc2 Rxb1+ 37. Qxb1 Bd6 38. a6 d3 39. Kf1 d2 40. Ke2 d1Q+ 41. Qxd1 Qxb5+ 42. Qd3 Qxd3+ 43. Kxd3 Bc5 44. Kc3 Kf7 45. Kc4 Bd4 46. Kd5 Ke7 47. f4 Kd7 48. g4 Kc7 49. g5 exf4 50. Kxd4 fxg5 51. Ke4 Kb6 52. Kf3 Kxa6 53. h4 h6 0-1

[Event "Napoli Vomero Natale op 5th"]
[Site "Napoli"]
[Date "2009.11.12"]
[Round "2"]
[White "Guardascione, Federico G"]
[Black "Caiazzo, Diego"]
[Result "0-1"]
[WhiteElo "1470"]
[BlackElo "1874"]
[PlyCount "82"]
[EventDate "2009.11.05"]
[EventType "swiss"]
[EventRounds "7"]
[EventCountry "ITA"]
[SourceTitle "EXT 2012"]
[Source "ChessBase"]
[SourceDate "2011.11.24"]
[SourceVersion "1"]
[SourceVersionDate "2011.11.24"]
[SourceQuality "1"]

1. e4 e6 2. Nf3 d5 3. exd5 exd5 4. d3 Nf6 5. Nbd2 Be7 6. Be2 0-0 7. 0-0 c6 8. c3 h6 9. Qc2 Bf5 10. b3 Nbd7 11. Bb2 Re8 12. Rfe1 Qc7 13. Bf1 Bd6 14. Qc1 Rxe1 15. Qxe1 Re8 16. Qc1 Ng4 17. g3 Nge5 18. Ne1 Bh7 19. Ba3 Nf6 20. Bxd6 Qxd6 21. Ndf3 Nfd7 22. Nxe5 Nxe5 23. Qd2 Qf6 24. Bg2 Nd7 25. d4 Qe7 26. a4 Qe2 27. Qf4 Nf6 28. Nf3 Qb2 29. Re1 Rxe1+ 30. Nxe1 Bg6 31. c4 Qxb3 32. c5 Qxa4 33. Qb8+ Kh7 34. Qxb7 a5 35. h4 h5 36. Qb2 Qd1 37. Qc3 a4 38. Kh2 Qb3 39. Qd2 a3 40. Bf1 Qb2 41. Qa5 Qxf2+ 0-1